Statistics for What the flag represents.

Click here to take the quiz!

General Stats

  • This quiz has been taken 37 times
  • The average score is 11 of 20

Answer Stats

Flag DescriptionAnswer% Correct
Red and white stripes with a blue top corner covered in 50 white stars.United States of America
97%
White with a red circle in the middle.Japan
91%
Red with a vertical white stripe with a red maple leaf in it.Canada
84%
Red with a white cross in the middle.Switzerland
69%
Blue with 12 yellow stars forming a circle.European Union
66%
Same as the flag above but has a green cedar tree in the middle.Lebanon
66%
Red with a yellow hammer and sickle.Soviet Union
63%
Green and white with a red dragon.Wales
63%
Blue top half, yellow bottom half.Ukraine
59%
Blue with a white stripe in the middle featuring the Sun.Argentina
56%
Red with a white stripe in the middle.Austria
53%
White with a red stripe and star, has a bear in the middle.California
53%
Red with a yellow star in the middle.Vietnam
53%
Green with a slightly off-centered red circle.Bangladesh
44%
White with a big red cross in the middle.England
44%
Colors of the rainbow in order from top to bottom.LGBTQ
44%
The colors blue, yellow, red, white, and green span from the bottom left corner.Seychelles
44%
Same was the flag above but has a small red cross in each corner.Georgia
41%
Blue with top view of Earth surrounded by olive branches. (No abbreviation)United Nations
41%
A blue, white, and red stripe with a red star outlines by yellow.Yugoslavia
13%

Score Distribution

Percentile by Number Answered

Percent of People with Each Score

Your Score History

You have not taken this quiz